|
|
|
|
| LEADER |
01748nam a2200421 i 4500 |
| 001 |
EBC5498135 |
| 003 |
MiAaPQ |
| 005 |
20200520144314.0 |
| 006 |
m o d | |
| 007 |
cr cnu|||||||| |
| 008 |
180917s2018 enk o 000 0 eng d |
| 020 |
|
|
|z 9781787569782
|
| 020 |
|
|
|a 9781787569799 (e-book)
|
| 035 |
|
|
|a (MiAaPQ)EBC5498135
|
| 035 |
|
|
|a (Au-PeEL)EBL5498135
|
| 035 |
|
|
|a (CaPaEBR)ebr11602397
|
| 035 |
|
|
|a (OCoLC)1050364552
|
| 040 |
|
|
|a MiAaPQ
|b eng
|e rda
|e pn
|c MiAaPQ
|d MiAaPQ
|
| 050 |
|
4 |
|a HG8091
|b .Z366 2018
|
| 082 |
0 |
|
|a 368.00688
|2 23
|
| 100 |
1 |
|
|a Zammit, Mark Laurence,
|e author.
|
| 245 |
1 |
4 |
|a The development of the Maltese insurance industry :
|b a comprehensive study /
|c Mark Laurence Zammit, Jonathan Spiteri and Simon Grima.
|
| 250 |
|
|
|a First edition.
|
| 264 |
|
1 |
|a Bingley :
|b Emerald Publishing Limited,
|c [2018]
|
| 264 |
|
4 |
|c 2018
|
| 300 |
|
|
|a 1 online resource (184 pages)
|
| 336 |
|
|
|a text
|b txt
|2 rdacontent
|
| 337 |
|
|
|a computer
|b c
|2 rdamedia
|
| 338 |
|
|
|a online resource
|b cr
|2 rdacarrier
|
| 588 |
|
|
|a Description based on print version record.
|
| 590 |
|
|
|a Electronic reproduction. Ann Arbor, MI : ProQuest, 2018. Available via World Wide Web. Access may be limited to ProQuest affiliated libraries.
|
| 650 |
|
0 |
|a Insurance
|x Marketing.
|
| 655 |
|
4 |
|a Electronic books.
|
| 700 |
1 |
|
|a Spiteri, Jonathan,
|e author.
|
| 700 |
1 |
|
|a Grima, Simon,
|e author.
|
| 776 |
0 |
8 |
|i Print version:
|a Zammit, Mark Laurence.
|t Development of the Maltese insurance industry : a comprehensive study.
|b First edition.
|d Bingley : Emerald Publishing Limited, c2018
|h 184 pages
|z 9781787569782
|
| 797 |
2 |
|
|a ProQuest (Firm)
|
| 856 |
4 |
0 |
|u https://ebookcentral.proquest.com/lib/matrademy/detail.action?docID=5498135
|z Click to View
|